000
00315nam a22001337a 4500
008
170529b xxu||||| |||| 00| 0 eng d
020
_a
0070017514
041
_a
eng
080
_a
621.36
100
_a
25
101
_a
IM
245
_a
SOLAR ENERGY: FUNDAMENTALS IN BUILDING DESIGN
_c
ANDERSON, B
942
_2
udc
_c
BK
999
_c
14880
_d
14880